000 00795nam a2200229Ii 4500
003 JO-AjNU
008 230605s9999||||xx |||||||||||||| ||und||
017 _a1272/3/2015
020 _a978-9957-089-133-6
040 _aJO-AjNU
_bara
_erda
_cJO-AjNU
041 _aara
050 1 4 _aPJ7538.M5799.2015
100 3 _aمقدادي، زياد محمود,
_eauthor
_964071
245 0 0 _aاوراق بين الأدب ونقده
250 _aط1
264 3 1 _aعمان: مؤسسة حمادة للدراسات الجامعية والنشر والتوزيع ، دار اليازوري للنشر والتوزيع، 2015
300 _a103ص
336 _atext
_btxt
_2rdacontent
337 _aunmediated
_bn
_2rdamedia
338 _avolume
_bnc
_2rdacarrier
650 4 _aالأدب-نقده
_964072
999 _aA29094
_c32662
_d32662